Using Environment 2 Investigations Part 2: A Unit for Teachers. (Record no. 1263)

MARC details
000 -LEADER
fixed length control field 00398nam a22001217a 4500
005 - DATE AND TIME OF LATEST TRANSACTION
control field 20200827103124.0
008 - FIXED-LENGTH DATA ELEMENTS--GENERAL INFORMATION
fixed length control field 200827b ||||| |||| 00| 0 eng d
020 ## - INTERNATIONAL STANDARD BOOK NUMBER
International Standard Book Number 035604355X
040 ## - CATALOGING SOURCE
Transcribing agency CML
245 ## - TITLE STATEMENT
Title Using Environment 2 Investigations Part 2: A Unit for Teachers.
Statement of responsibility, etc. Collis, M.
260 ## - PUBLICATION, DISTRIBUTION, ETC.
Place of publication, distribution, etc. London
Name of publisher, distributor, etc. Macdonald Educational Ltd
Date of publication, distribution, etc. 1974
942 ## - ADDED ENTRY ELEMENTS (KOHA)
Source of classification or shelving scheme Dewey Decimal Classification
Koha item type Books
Edition 1st Edition
Classification part 507
Call number suffix COL
Holdings
Withdrawn status Lost status Source of classification or shelving scheme Damaged status Not for loan Collection code Home library Current library Shelving location Date acquired Total Checkouts Full call number Date last seen Copy number Price effective from Koha item type
    Dewey Decimal Classification     Natural Sciences & Mathematics Chalimbana Main Library Chalimbana Main Library Natural Sciences & Mathematics 08/27/2020   507 COL 08/27/2020 1 08/27/2020 Books

Powered by Koha